| 000 | 00485nam a2200145 a 4500 | ||
|---|---|---|---|
| 001 | 287 | ||
| 003 | CDMR | ||
| 005 | 20151016131202.0 | ||
| 008 | 130130s1924||||||||||||||||||||||||||||d | ||
| 040 |
_aCDMR _bcat _cCDMR |
||
| 110 | 2 |
_9208 _aAsociación de la Prensa Diaria de Barcelona |
|
| 245 | 1 | 0 |
_aIII Salón de Humoristas _b: del 5 al 20 de Diciembre de 1924 : catálogo general _cAsociación de la Prensa Diaria de Barcelona |
| 260 |
_aBarcelona _c[1924] _bTipografía Feyto |
||
| 942 |
_cMON _2udc |
||
| 999 |
_c287 _d287 |
||